000 00414nam a2200181Ia 4500
001 23554
005 20260414150945.0
008 260414t2004||||xx |||||||||||||| ||spa||
041 _aESP
082 _a660.65
_bB89
100 _aBuiatti, Marcello
_eAUT
245 0 _aLe biotecnologie
_b
260 _c2004
300 _a136 páginas :
_c19 cm.
650 _aTCA
654 _aCII
942 _cLIB
_dJUS
_fJUS
_2ddc
_n
999 _c23554
_d23554